000
00328 a2200145 4500
999
_c
12125
_d
12125
003
OSt
005
20240117173243.0
008
240117b ||||| |||| 00| 0 eng d
020
_a
9788496263215
082
_a
745.4095
100
_a
Tatjana Schantz Johnsson
245
_a
In Style Asia
260
_b
UNKNO
_c
2007
942
_2
ddc